LEADER 01438nam 2200397Ia 450 001 9910699531303321 005 20230902161547.0 035 $a(CKB)5470000002403615 035 $a(OCoLC)682919521 035 $a(EXLCZ)995470000002403615 100 $a20101123d2010 ua 0 101 0 $aeng 135 $aurbn||||||||| 181 $ctxt$2rdacontent 182 $cc$2rdamedia 183 $acr$2rdacarrier 200 14$aThe effects of net-shape machining on the performance of Al 2024-T3 subjected to axial tension-tension fatigue loads$b[electronic resource] /$fCyril Williams 210 1$aAberdeen Proving Ground, MD :$cArmy Research Laboratory,$d[2010] 215 $a1 online resource (vi, 18 pages) $cillustrations 225 1 $aARL-TR ;$v5277 300 $aTitle from PDF title screen (viewed on Nov. 23, 2010). 300 $a"August 2010." 320 $aIncludes bibliographical references (pages 12-13). 410 0$aARL-TR (Aberdeen Proving Ground, Md.) ;$v5277. 606 $aMachining 606 $aMetals$xFatigue 615 0$aMachining. 615 0$aMetals$xFatigue. 700 $aWilliams$b Cyril$01391631 712 02$aU.S. Army Research Laboratory. 801 0$bGPO 801 1$bGPO 906 $aBOOK 912 $a9910699531303321 996 $aThe effects of net-shape machining on the performance of Al 2024-T3 subjected to axial tension-tension fatigue loads$93497810 997 $aUNINA LEADER 03058nam 2200625 450 001 9910808928203321 005 20200903223051.0 010 $a90-04-24294-5 024 7 $a10.1163/9789004242944 035 $a(CKB)2670000000571188 035 $a(EBL)1815743 035 $a(SSID)ssj0001350059 035 $a(PQKBManifestationID)11795854 035 $a(PQKBTitleCode)TC0001350059 035 $a(PQKBWorkID)11288813 035 $a(PQKB)10739787 035 $a(MiAaPQ)EBC1815743 035 $a(nllekb)BRILL9789004242944 035 $a(Au-PeEL)EBL1815743 035 $a(CaPaEBR)ebr10953610 035 $a(CaONFJC)MIL651276 035 $a(OCoLC)893333536 035 $a(PPN)184936969 035 $a(EXLCZ)992670000000571188 100 $a20141021h20142014 uy 0 101 0 $aeng 135 $aurcnu|||||||| 181 $ctxt 182 $cc 183 $acr 200 10$aGroove $ean aesthetic of measured time /$fMark Abel 210 1$aLeiden, Netherlands :$cBrill,$d2014. 210 4$dİ2014 215 $a1 online resource (283 p.) 225 1 $aHistorical Materialism Book Series,$x1570-1522 ;$vVolume 73 300 $aDescription based upon print version of record. 311 $a90-04-24293-7 311 $a1-322-19996-5 320 $aIncludes bibliographical references and index. 327 $aPreliminary Material -- Introduction: The Meaning of Musical Time -- 1 What is ?groove?? -- 2 Is Groove African? -- 3 Bergsonism and Unmeasurable Time -- 4 Schutz?s ?Vivid Present? and the Social Time of Music -- 5 Adorno and Reified Time -- 6 Meter, Groove and the Times of Capitalism -- 7 History, Modernism, and the Time of Music -- References -- Index. 330 $aWhat is the relationship between music and time? How does musical rhythm express our social experience of time? In Groove: An Aesthetic of Measured Time , Mark Abel explains the rise to prominence in Western music of a new way of organising rhythm: groove. He provides a historical account of its emergence around the turn of the twentieth century, and analyses the musical components which make it work. Tracing the influence of key philosophical arguments about the nature of time on musical aesthetics, Mark Abel draws on materialist interpretations of art and culture to challenge those, like Adorno, who criticise popular music?s metrical regularity. He concludes that groove does not simply reflect the temporality of contemporary society, but, by incorporating abstract time into its very structure, is capable of effecting a critique of it. 410 0$aHistorical materialism book series ;$vVolume 73. 606 $aMusical meter and rhythm 606 $aMusic$xPhilosophy and aesthetics 615 0$aMusical meter and rhythm. 615 0$aMusic$xPhilosophy and aesthetics. 676 $a781.2/2 700 $aAbel$b Mark$f1948-$01710746 801 0$bMiAaPQ 801 1$bMiAaPQ 801 2$bMiAaPQ 906 $aBOOK 912 $a9910808928203321 996 $aGroove$94101599 997 $aUNINA